Capitals Alphabetically by Last Letter Quiz Stats

 Plays Quiz not verified by Sporcle

Score 0/196 Timer 20:00
0 Plays Today
% Correct
Addis Ababa
86.5%
Bogota
83.9%
Rome
82.8%
Andorra la Vella
82.7%
Podgorica
82.3%
Lome
82%
Riga
81.6%
Brasilia
81.6%
Juba
81.1%
Lima
81%
Astana
80.9%
London
80.9%
Manama
80.9%
Lisbon
80.9%
Luanda
80.4%
Washington
80.2%
Pretoria
79.7%
Ottawa
79.4%
Sofia
79.2%
Cairo
79.2%
Vaduz
79.2%
Georgetown
79.1%
Guatemala City
78.8%
Berlin
78.5%
Managua
78.4%
Valletta
78.3%
Wellington
78.3%
Lusaka
78.2%
Havana
78.2%
Kingston
78.2%
Bissau
78.2%
Victoria
78.2%
Vatican City
78.2%
Nicosia
78.1%
Tallinn
78.1%
Vienna
77.9%
Panama City
77.9%
Apia
77.8%
Tirana
77.8%
Zagreb
77.8%
Dodoma
77.7%
Minsk
77.7%
Kingstown
77.6%
Doha
77.6%
Dublin
77.6%
Paris
77.6%
Madrid
77.5%
Bridgetown
77.5%
Asuncion
77.4%
Ljubljana
77.3%
Sao Tome
77.3%
Brazzaville
77.3%
Libreville
77.3%
Warsaw
77.3%
Dhaka
77.2%
Baghdad
77.2%
Abuja
77.1%
Tegucigalpa
77.1%
Riyadh
77%
Praia
76.9%
Brussels
76.7%
Tarawa
76.7%
Monaco
76.7%
Kampala
76.5%
Beijing
76.4%
Phnom Penh
76.4%
% Correct
Kuwait City
76.4%
Kinshasa
76.3%
Luxembourg
76.3%
Chisinau
76.3%
Pristina
76.2%
Moscow
76.2%
Freetown
76.1%
Jakarta
75.9%
Mexico City
75.8%
Nuku'alofa
75.8%
Helsinki
75.7%
Asmara
75.5%
Santiago
75.5%
Tunis
75.5%
Suva
75.5%
Amsterdam
75.5%
La Paz
75.5%
Manila
75.4%
Ankara
75.4%
Djibouti
75.4%
Quito
75.4%
Bratislava
75.3%
Nairobi
75.2%
San Marino
75.2%
Islamabad
75.2%
Male
75.1%
Nassau
75.1%
Kathmandu
75.1%
Oslo
75%
Kabul
74.8%
Belmopan
74.8%
Malabo
74.7%
Monrovia
74.5%
Bern
74.5%
Montevideo
74.4%
Reykjavik
74.3%
Bangkok
74.2%
Antananarivo
74.2%
Athens
74.2%
Sana
74.1%
Port-au-Prince
74.1%
Canberra
74%
Abu Dhabi
73.9%
Santo Domingo
73.9%
Rabat
73.9%
Buenos Aires
73.6%
Port Moresby
73.6%
Port Vila
73.5%
Paramaribo
73.4%
Conakry
73.4%
Bishkek
73.3%
Singapore
73.3%
Skopje
73.2%
Dushanbe
73.1%
Pyongyang
73.1%
Caracas
73.1%
Dili
73%
Melekeok
73%
Hanoi
72.9%
Banjul
72.9%
Thimphu
72.7%
Vientiane
72.6%
Budapest
72.6%
Castries
72.5%
Porto Novo
72.4%
Gaborone
72.4%
% Correct
Bucharest
72.4%
Belgrade
72.3%
Copenhagen
72.3%
Niamey
72.3%
San Jose
72.2%
Yamoussoukro
72.2%
Jerusalem
72.1%
Bamako
72.1%
Taipei
72.1%
Baku
72.1%
Ashgabat
71.8%
New Delhi
71.7%
Kigali
71.7%
Accra
71.6%
Bangui
71.6%
Stockholm
71.5%
Mbabane
71.5%
Sarajevo
71.5%
Naypyidaw
71.5%
Kiev
71.4%
Maputo
71.3%
N'Djamena
71.2%
St. George's
71%
Tokyo
70.9%
Tripoli
70.9%
Moroni
70.9%
Tehran
70.9%
Algiers
70.9%
Prague
70.8%
Seoul
70.8%
Amman
70.8%
St. John's
70.8%
Ouagadougou
70.8%
Funafuti
70.7%
Tbilisi
70.6%
Roseau
70.5%
Port Louis
70.3%
Maseru
70.3%
Bujumbura
70.3%
Yerevan
70.3%
Yaren
70.2%
Tashkent
70%
Port of Spain
70%
Muscat
70%
Yaounde
69.9%
Beirut
69.7%
Vilnius
69.4%
Honiara
69.2%
Basseterre
69.1%
Khartoum
68.9%
San Salvador
68.9%
Harare
68.5%
Nouakchott
68.5%
Majuro
68.4%
Lilongwe
68.3%
Mogadishu
68.1%
Dakar
68%
Kuala Lumpur
67.9%
Windhoek
67.8%
Ulaanbaatar
67.6%
Kotte
67.5%
Bandar Seri Begawan
67.3%
Palikir
67.2%
Damascus
66.8%

You're not logged in!

Compare scores with friends on all Sporcle quizzes.
OR
Log In

Show Comments

Extras

Top Quizzes Today


Score Distribution

Your Account Isn't Verified!

In order to create a playlist on Sporcle, you need to verify the email address you used during registration. Go to your Sporcle Settings to finish the process.

Report this User

Report this user for behavior that violates our Community Guidelines.

Details: